000 01164cam a22003014a 4500
999 _c7239
_d7239
001 12279313
003 OSt
005 20210920145018.0
008 010116s2002 enka 001 0 eng
010 _a 2001018485
020 _a0521803020
020 _a0521004624 (pbk.)
040 _aDLC
_cDDC
_dDLC
042 _apcc
050 0 0 _aQA331.7
_b.K88 2002
082 0 0 _a621.KWO2002
100 1 _aKwok, Y. K.
_q(Yue-Kuen),
_d1957-
_914875
245 1 0 _aApplied complex variables for scientists and engineers /
_cEdited by Kwok,Yue,Kuen;
260 _aCambridge ;
_aNew York :
_bCambridge University Press,
_c2002.
300 _axi,392p. :
_bill. ;
_c24 cm.
504 _aIncludes; Index.
650 0 _aMathematics
_9810
856 4 2 _3Publisher description
_uhttp://www.loc.gov/catdir/description/cam021/2001018485.html
856 4 1 _3Table of contents
_uhttp://www.loc.gov/catdir/toc/cam026/2001018485.html
906 _a7
_bcbc
_corignew
_d1
_eocip
_f20
_gy-gencatlg
942 _2ddc
_cO_SHELF